[Event "Azerbaijan Chess Championship2015 - Men"]
[Site ""]
[Date "2015.01.14"]
[Round "8"]
[Board "11"]
[White "Shabanov, Nurlan"]
[Black "Iskandarov, Misratdin"]
[Result "0-1"]
[WhiteElo "2165"]
[BlackElo "2405"]
[PlyCount "0"]
[EventDate "2015.01.06"]
[EventRounds "9"]
[EventCountry "AZE"]

1. d4 {[%clk 1:30:56]} f5 {[%clk 1:30:41]} 2. g3 {[%clk 1:29:42]} Nf6
{[%clk 1:31:03]} 3. Bg2 {[%clk 1:30:05]} g6 {[%clk 1:30:35]} 4. c4
{[%clk 1:30:01]} Bg7 {[%clk 1:30:58]} 5. Nc3 {[%clk 1:30:14]} d6 {[%clk 1:31:09]}
6. Nf3 {[%clk 1:28:18]} O-O {[%clk 1:31:24]} 7. O-O {[%clk 1:28:30]} c6
{[%clk 1:31:49]} 8. Qc2 {[%clk 1:24:12]} Nbd7 {[%clk 1:24:37]} 9. Rd1
{[%clk 1:22:36]} Qc7 {[%clk 1:21:49]} 10. b3 {[%clk 1:18:38]} Re8
{[%clk 1:17:08]} 11. Ba3 {[%clk 1:06:08]} Qa5 {[%clk 1:08:16]} 12. Qc1
{[%clk 1:04:13]} Ne4 {[%clk 1:05:51]} 13. Bb2 {[%clk 0:51:32]} Ndf6
{[%clk 1:05:34]} 14. Nd2 {[%clk 0:51:40]} Nxf2 {[%clk 0:59:20]} 15. Kxf2
{[%clk 0:39:54]} Ng4+ {[%clk 0:59:41]} 16. Ke1 {[%clk 0:40:04]} Bxd4
{[%clk 0:55:33]} 17. Nf1 {[%clk 0:35:40]} Bf2+ {[%clk 0:52:33]} 18. Kd2
{[%clk 0:36:02]} d5 {[%clk 0:41:12]} 19. h3 {[%clk 0:29:24]} Nf6 {[%clk 0:38:43]}
20. e3 {[%clk 0:28:24]} d4 {[%clk 0:36:37]} 21. exd4 {[%clk 0:25:24]} f4
{[%clk 0:31:33]} 22. Ke2 {[%clk 0:15:52]} fxg3 {[%clk 0:31:49]} 23. d5
{[%clk 0:12:12]} Qc7 {[%clk 0:31:34]} 24. Rd3 {[%clk 0:09:36]} Qe5+
{[%clk 0:30:47]} 25. Ne4 {[%clk 0:09:31]} Qh5+ {[%clk 0:28:25]} 26. Bf3
{[%clk 0:07:38]} Qxh3 {[%clk 0:27:25]} 27. Nxf2 {[%clk 0:06:39]} gxf2
{[%clk 0:27:36]} 28. Kxf2 {[%clk 0:05:37]} Rf8 {[%clk 0:24:22]} 29. Ke2
{[%clk 0:05:40]} Bg4 {[%clk 0:23:31]} 30. Qe3 {[%clk 0:01:35]} Nxd5
{[%clk 0:22:18]} 31. cxd5 {[%clk 0:00:33]} Rxf3 {[%clk 0:22:35]} 32. Kd2
{[%clk 0:00:32]} Rxe3 {[%clk 0:22:38]} 33. Nxe3 {[%clk 0:00:40]} Qh2+
{[%clk 0:22:35]} 34. Kc3 {[%clk 0:00:51]} cxd5 {[%clk 0:22:45]} 35. Nxg4
{[%clk 0:00:32]} Rc8+ {[%clk 0:23:07]} 36. Kb4 {[%clk 0:00:48]} Qd6+
{[%clk 0:22:43]} 37. Ka4 {[%clk 0:01:12]} Qc6+ {[%clk 0:23:03]} 0-1

[Event "Azerbaijan Chess Championship2015 - Men"]
[Site ""]
[Date "2015.01.15"]
[Round "9"]
[Board "1"]
[White "Mirzoev, Azer"]
[Black "Mamedov, Rauf"]
[Result "1/2-1/2"]
[WhiteElo "2549"]
[BlackElo "2642"]
[PlyCount "0"]
[EventDate "2015.01.06"]
[EventRounds "9"]
[EventCountry "AZE"]

1. d4 {[%clk 1:12:02]} Nf6 {[%clk 1:30:36]} 2. c4 {[%clk 1:10:15]} g6
{[%clk 1:28:06]} 3. Nc3 {[%clk 1:10:30]} Bg7 {[%clk 1:28:32]} 4. Nf3
{[%clk 1:10:49]} O-O {[%clk 1:28:58]} 5. e4 {[%clk 1:10:47]} d6 {[%clk 1:29:23]}
6. Be2 {[%clk 1:10:47]} e5 {[%clk 1:29:50]} 7. O-O {[%clk 1:09:11]} exd4
{[%clk 1:30:06]} 8. Nxd4 {[%clk 1:08:02]} Re8 {[%clk 1:29:48]} 9. f3
{[%clk 1:08:22]} Nc6 {[%clk 1:30:14]} 10. Nc2 {[%clk 1:05:43]} Nh5
{[%clk 1:30:10]} 11. g4 {[%clk 1:02:36]} Be5 {[%clk 1:29:47]} 12. gxh5
{[%clk 0:59:07]} Bxh2+ {[%clk 1:30:11]} 13. Kxh2 {[%clk 0:57:01]} Qh4+
{[%clk 1:30:34]} 14. Kg1 {[%clk 0:57:04]} Qg3+ {[%clk 1:31:00]} 15. Kh1
{[%clk 0:57:26]} Qh3+ {[%clk 1:31:24]} 16. Kg1 {[%clk 0:57:51]} Qg3+
{[%clk 1:31:51]} 17. Kh1 {[%clk 0:58:15]} Qh3+ {[%clk 1:32:17]} 18. Kg1
{[%clk 0:58:38]} Qg3+ {[%clk 1:32:18]} 1/2-1/2

[Event "Azerbaijan Chess Championship2015 - Men"]
[Site ""]
[Date "2015.01.15"]
[Round "9"]
[Board "2"]
[White "Guseinov, Gadir"]
[Black "Rasulov, Vugar"]
[Result "1/2-1/2"]
[WhiteElo "2610"]
[BlackElo "2491"]
[PlyCount "0"]
[EventDate "2015.01.06"]
[EventRounds "9"]
[EventCountry "AZE"]

1. e4 {[%clk 1:30:57]} c5 {[%clk 1:30:01]} 2. Nf3 {[%clk 1:31:18]} Nf6
{[%clk 1:30:05]} 3. Nc3 {[%clk 1:30:21]} d5 {[%clk 1:30:25]} 4. exd5
{[%clk 1:29:38]} Nxd5 {[%clk 1:30:46]} 5. Bb5+ {[%clk 1:30:03]} Nc6
{[%clk 1:31:09]} 6. Ne5 {[%clk 1:29:32]} Nxc3 {[%clk 1:31:31]} 7. dxc3
{[%clk 1:27:16]} Qxd1+ {[%clk 1:30:03]} 8. Kxd1 {[%clk 1:27:37]} a6
{[%clk 1:30:31]} 9. Bxc6+ {[%clk 1:22:32]} bxc6 {[%clk 1:30:51]} 10. c4
{[%clk 1:21:40]} Bf5 {[%clk 1:24:21]} 11. Be3 {[%clk 1:21:46]} g5
{[%clk 1:05:11]} 12. Bxc5 {[%clk 1:16:19]} Rd8+ {[%clk 0:56:39]} 13. Kc1
{[%clk 1:15:42]} f6 {[%clk 0:57:02]} 14. Nd3 {[%clk 1:07:53]} Be4
{[%clk 0:55:21]} 15. f3 {[%clk 1:05:27]} Bxd3 {[%clk 0:55:43]} 16. cxd3
{[%clk 1:05:47]} Rxd3 {[%clk 0:56:08]} 17. Kc2 {[%clk 1:06:08]} Rd7
{[%clk 0:56:04]} 18. Rad1 {[%clk 0:58:45]} e5 {[%clk 0:51:08]} 19. Bb6
{[%clk 0:55:17]} Be7 {[%clk 0:50:36]} 20. c5 {[%clk 0:51:43]} h5 {[%clk 0:46:53]}
21. b4 {[%clk 0:40:26]} g4 {[%clk 0:46:20]} 22. a4 {[%clk 0:39:46]} gxf3
{[%clk 0:35:29]} 23. gxf3 {[%clk 0:40:03]} Rg8 {[%clk 0:35:56]} 24. Kb3
{[%clk 0:17:26]} h4 {[%clk 0:27:37]} 25. b5 {[%clk 0:07:19]} cxb5
{[%clk 0:27:36]} 26. axb5 {[%clk 0:07:46]} axb5 {[%clk 0:28:02]} 27. Kb4
{[%clk 0:08:06]} Rg2 {[%clk 0:24:06]} 28. Kxb5 {[%clk 0:08:24]} Rb2+
{[%clk 0:24:30]} 29. Ka6 {[%clk 0:06:01]} Rxd1 {[%clk 0:22:48]} 30. Rxd1
{[%clk 0:06:21]} Bxc5 {[%clk 0:23:11]} 31. Bxc5 {[%clk 0:06:39]} Rxh2
{[%clk 0:23:36]} 32. f4 {[%clk 0:05:11]} exf4 {[%clk 0:21:40]} 33. Rf1
{[%clk 0:04:26]} h3 {[%clk 0:19:53]} 34. Rxf4 {[%clk 0:02:44]} Rh1
{[%clk 0:19:34]} 35. Rxf6 {[%clk 0:00:58]} h2 {[%clk 0:19:45]} 36. Rh6
{[%clk 0:01:24]} Ra1+ {[%clk 0:19:50]} 37. Kb5 {[%clk 0:01:44]} h1=Q
{[%clk 0:20:05]} 1/2-1/2

[Event "Azerbaijan Chess Championship2015 - Men"]
[Site ""]
[Date "2015.01.15"]
[Round "9"]
[Board "3"]
[White "Abasov, Nijat"]
[Black "Safarli, Eltaj"]
[Result "0-1"]
[WhiteElo "2530"]
[BlackElo "2635"]
[PlyCount "0"]
[EventDate "2015.01.06"]
[EventRounds "9"]
[EventCountry "AZE"]

1. d4 {[%clk 1:29:28]} Nf6 {[%clk 1:30:39]} 2. c4 {[%clk 1:29:36]} e6
{[%clk 1:31:01]} 3. Nf3 {[%clk 1:29:42]} d5 {[%clk 1:30:51]} 4. Nc3
{[%clk 1:28:46]} Bb4 {[%clk 1:30:18]} 5. Qa4+ {[%clk 1:28:09]} Nc6
{[%clk 1:27:40]} 6. e3 {[%clk 1:27:42]} O-O {[%clk 1:25:57]} 7. h3
{[%clk 1:27:36]} e5 {[%clk 1:20:30]} 8. dxe5 {[%clk 1:19:10]} Ne4
{[%clk 1:20:44]} 9. Qc2 {[%clk 1:19:32]} Bf5 {[%clk 1:16:24]} 10. Bd3
{[%clk 1:17:45]} Ba5 {[%clk 1:14:29]} 11. a3 {[%clk 1:17:26]} Bg6
{[%clk 1:14:53]} 12. b4 {[%clk 0:58:23]} Bxb4 {[%clk 1:12:30]} 13. Bb2
{[%clk 0:58:21]} Bxc3+ {[%clk 1:09:17]} 14. Bxc3 {[%clk 0:58:41]} Nxc3
{[%clk 1:09:42]} 15. Bxg6 {[%clk 0:57:46]} hxg6 {[%clk 1:10:07]} 16. Qxc3
{[%clk 0:58:06]} dxc4 {[%clk 1:07:18]} 17. Qxc4 {[%clk 0:57:52]} Qe7
{[%clk 1:05:09]} 18. e6 {[%clk 0:48:38]} Qxe6 {[%clk 1:00:53]} 19. Qxe6
{[%clk 0:48:10]} fxe6 {[%clk 1:01:15]} 20. Ke2 {[%clk 0:45:23]} Na5
{[%clk 0:52:55]} 21. Rac1 {[%clk 0:40:36]} c6 {[%clk 0:49:53]} 22. Rhd1
{[%clk 0:37:37]} Rfd8 {[%clk 0:48:51]} 23. Ng5 {[%clk 0:32:33]} e5
{[%clk 0:47:47]} 24. Nf3 {[%clk 0:25:39]} Rxd1 {[%clk 0:39:55]} 25. Rxd1
{[%clk 0:24:11]} Nc4 {[%clk 0:40:02]} 26. Rd7 {[%clk 0:19:53]} b5
{[%clk 0:38:02]} 27. Rc7 {[%clk 0:18:46]} e4 {[%clk 0:29:28]} 28. Nd2
{[%clk 0:16:40]} Nxa3 {[%clk 0:29:52]} 29. Rxc6 {[%clk 0:15:43]} a5
{[%clk 0:28:00]} 30. Nxe4 {[%clk 0:15:14]} a4 {[%clk 0:23:35]} 31. Nd2
{[%clk 0:06:42]} b4 {[%clk 0:18:16]} 32. Rb6 {[%clk 0:04:46]} b3 {[%clk 0:17:28]}
33. h4 {[%clk 0:02:44]} Nc2 {[%clk 0:16:18]} 34. Nxb3 {[%clk 0:01:23]} axb3
{[%clk 0:16:44]} 35. Rxb3 {[%clk 0:01:49]} Ra2 {[%clk 0:17:08]} 36. Kf3
{[%clk 0:00:33]} Ne1+ {[%clk 0:15:53]} 37. Kg3 {[%clk 0:00:55]} Rd2
{[%clk 0:15:17]} 38. Rb8+ {[%clk 0:00:44]} Kh7 {[%clk 0:15:43]} 39. Rb1
{[%clk 0:00:34]} Nd3 {[%clk 0:15:52]} 40. f3 {[%clk 0:30:33]} Re2
{[%clk 0:44:42]} 41. e4 {[%clk 0:22:22]} Ne1 {[%clk 0:44:16]} 42. Rb5
{[%clk 0:20:16]} Rxg2+ {[%clk 0:42:29]} 43. Kf4 {[%clk 0:20:29]} Rf2
{[%clk 0:42:56]} 44. Rb3 {[%clk 0:20:39]} Rh2 {[%clk 0:42:02]} 45. Kg3
{[%clk 0:20:37]} Re2 {[%clk 0:37:16]} 46. Kf4 {[%clk 0:20:12]} Ng2+
{[%clk 0:34:01]} 47. Kg3 {[%clk 0:20:28]} Ne3 {[%clk 0:33:13]} 48. Rc3
{[%clk 0:20:28]} Nc2 {[%clk 0:30:54]} 49. Rd3 {[%clk 0:20:28]} Nb4
{[%clk 0:29:45]} 50. Rd6 {[%clk 0:20:03]} Re3 {[%clk 0:27:51]} 51. Rb6
{[%clk 0:20:04]} Nc2 {[%clk 0:25:14]} 52. Rd6 {[%clk 0:19:57]} Rc3
{[%clk 0:25:29]} 53. Kf2 {[%clk 0:18:53]} Nb4 {[%clk 0:25:48]} 54. Kg3
{[%clk 0:15:33]} Nd3 {[%clk 0:24:53]} 55. Rd8 {[%clk 0:15:42]} Ne5
{[%clk 0:25:14]} 56. Rf8 {[%clk 0:16:06]} Rb3 {[%clk 0:23:21]} 57. Kf2
{[%clk 0:15:50]} Nd7 {[%clk 0:22:54]} 58. Rf7 {[%clk 0:15:55]} Nc5
{[%clk 0:23:05]} 59. Rf8 {[%clk 0:16:15]} g5 {[%clk 0:21:41]} 60. hxg5
{[%clk 0:14:40]} Ne6 {[%clk 0:22:05]} 61. Rf5 {[%clk 0:15:01]} Kg6
{[%clk 0:22:11]} 62. f4 {[%clk 0:14:09]} Rb4 {[%clk 0:21:05]} 63. Ke3
{[%clk 0:13:44]} Ra4 {[%clk 0:21:27]} 64. Kd3 {[%clk 0:13:43]} Ra3+
{[%clk 0:20:10]} 65. Kc4 {[%clk 0:13:36]} Rf3 {[%clk 0:19:57]} 66. Kd5
{[%clk 0:13:59]} Rxf4 {[%clk 0:18:53]} 67. Ke5 {[%clk 0:14:24]} Rg4 0-1

[Event "Azerbaijan Chess Championship2015 - Men"]
[Site ""]
[Date "2015.01.15"]
[Round "9"]
[Board "4"]
[White "Durarbayli, Vasif"]
[Black "Izzat, Kanan"]
[Result "1-0"]
[WhiteElo "2635"]
[BlackElo "2424"]
[PlyCount "0"]
[EventDate "2015.01.06"]
[EventRounds "9"]
[EventCountry "AZE"]

1. e4 {[%clk 1:30:55]} c5 {[%clk 1:27:05]} 2. Nf3 {[%clk 1:30:35]} e6
{[%clk 1:27:18]} 3. d4 {[%clk 1:30:59]} cxd4 {[%clk 1:27:41]} 4. Nxd4
{[%clk 1:31:25]} Nc6 {[%clk 1:28:06]} 5. Nc3 {[%clk 1:31:36]} Qc7
{[%clk 1:28:29]} 6. Be3 {[%clk 1:31:19]} a6 {[%clk 1:28:47]} 7. Qf3
{[%clk 1:30:48]} Nf6 {[%clk 1:28:55]} 8. Be2 {[%clk 1:28:54]} h5 {[%clk 1:01:53]}
9. Qg3 {[%clk 1:21:46]} Ne5 {[%clk 0:57:35]} 10. f4 {[%clk 1:15:32]} h4
{[%clk 0:57:00]} 11. Qh3 {[%clk 1:14:52]} Nc4 {[%clk 0:57:16]} 12. e5
{[%clk 1:12:00]} Nxb2 {[%clk 0:45:53]} 13. Bc1 {[%clk 0:47:10]} Bb4
{[%clk 0:40:46]} 14. Bd2 {[%clk 0:46:09]} Nc4 {[%clk 0:20:45]} 15. exf6
{[%clk 0:23:39]} Nxd2 {[%clk 0:21:08]} 16. fxg7 {[%clk 0:23:57]} Rg8
{[%clk 0:21:30]} 17. Kxd2 {[%clk 0:21:43]} Qxf4+ {[%clk 0:21:15]} 18. Kd3
{[%clk 0:22:12]} e5 {[%clk 0:17:20]} 19. Qg4 {[%clk 0:22:25]} Qxg4
{[%clk 0:17:46]} 20. Bxg4 {[%clk 0:22:53]} exd4 {[%clk 0:18:12]} 21. Nd5
{[%clk 0:22:11]} Rxg7 {[%clk 0:18:37]} 22. Nc7+ {[%clk 0:20:49]} Kd8
{[%clk 0:19:01]} 23. Nxa8 {[%clk 0:21:16]} Rxg4 {[%clk 0:19:27]} 24. Nb6
{[%clk 0:21:39]} d5 {[%clk 0:19:55]} 25. Nxc8 {[%clk 0:21:00]} Kxc8
{[%clk 0:20:22]} 26. Rhg1 {[%clk 0:19:17]} Bc3 {[%clk 0:14:28]} 27. Raf1
{[%clk 0:19:06]} Re4 {[%clk 0:14:54]} 28. Rf3 {[%clk 0:19:25]} f5
{[%clk 0:15:21]} 29. g3 {[%clk 0:12:41]} h3 {[%clk 0:14:08]} 30. Rgf1
{[%clk 0:12:27]} Kd7 {[%clk 0:13:52]} 31. R1f2 {[%clk 0:12:51]} Re1
{[%clk 0:14:10]} 32. Rf1 {[%clk 0:13:16]} Re4 {[%clk 0:14:35]} 33. a4
{[%clk 0:09:37]} Kc7 {[%clk 0:13:24]} 34. Rb1 {[%clk 0:09:04]} b6
{[%clk 0:13:49]} 35. Rb3 {[%clk 0:07:28]} Re1 {[%clk 0:04:00]} 36. Rxc3+
{[%clk 0:07:41]} dxc3 {[%clk 0:04:23]} 37. Rxf5 {[%clk 0:08:09]} Rh1
{[%clk 0:04:16]} 38. Rf2 {[%clk 0:07:52]} Rg1 {[%clk 0:03:36]} 39. Rf7+
{[%clk 0:08:01]} Kc6 {[%clk 0:03:32]} 40. Rh7 {[%clk 0:38:21]} Rg2
{[%clk 0:32:05]} 41. Rxh3 {[%clk 0:38:36]} d4 {[%clk 0:32:30]} 42. Kxd4
{[%clk 0:35:05]} Rxc2 {[%clk 0:32:43]} 43. g4 {[%clk 0:33:09]} Rd2+
{[%clk 0:18:06]} 44. Kxc3 {[%clk 0:32:59]} Rg2 45. Rh6+ {[%clk 0:32:26]} Kc5
{[%clk 0:18:36]} 46. Rh5+ {[%clk 0:32:52]} Kc6 {[%clk 0:18:59]} 47. h3
{[%clk 0:32:15]} b5 {[%clk 0:18:00]} 48. axb5+ {[%clk 0:30:10]} axb5
{[%clk 0:18:26]} 49. Kd4 {[%clk 0:30:38]} Kb6 {[%clk 0:18:40]} 50. g5
{[%clk 0:30:47]} Ka5 {[%clk 0:19:01]} 51. h4 {[%clk 0:31:14]} b4 {[%clk 0:17:31]}
52. g6+ {[%clk 0:31:32]} Ka4 {[%clk 0:17:51]} 53. Rg5 {[%clk 0:32:01]} Rxg5
{[%clk 0:16:17]} 54. hxg5 {[%clk 0:32:27]} b3 {[%clk 0:16:44]} 1-0

[Event "Azerbaijan Chess Championship2015 - Men"]
[Site ""]
[Date "2015.01.15"]
[Round "9"]
[Board "5"]
[White "Shahaliyev, Ismayil"]
[Black "Sadikhov, Ulvi"]
[Result "1/2-1/2"]
[WhiteElo "2273"]
[BlackElo "2414"]
[PlyCount "0"]
[EventDate "2015.01.06"]
[EventRounds "9"]
[EventCountry "AZE"]

1. e4 {[%clk 1:30:57]} c5 {[%clk 1:30:57]} 2. Nf3 {[%clk 1:31:21]} d6
{[%clk 1:31:24]} 3. Bb5+ {[%clk 1:31:47]} Bd7 {[%clk 1:31:48]} 4. Bxd7+
{[%clk 1:32:12]} Qxd7 {[%clk 1:32:14]} 5. O-O {[%clk 1:32:35]} Nf6
{[%clk 1:32:31]} 6. e5 {[%clk 1:32:54]} dxe5 {[%clk 1:32:55]} 7. Nxe5
{[%clk 1:33:21]} Qc8 {[%clk 1:33:05]} 8. Qf3 {[%clk 1:33:39]} e6 {[%clk 1:32:03]}
9. b3 {[%clk 1:34:03]} Nbd7 {[%clk 1:31:06]} 10. Bb2 {[%clk 1:34:16]} Be7
{[%clk 1:30:07]} 11. Na3 {[%clk 1:32:48]} Nxe5 {[%clk 1:26:22]} 12. Bxe5
{[%clk 1:33:11]} O-O {[%clk 1:26:30]} 13. Nc4 {[%clk 1:33:23]} Qd7
{[%clk 1:22:54]} 14. d3 {[%clk 1:29:59]} Nd5 {[%clk 1:20:58]} 15. Rfe1
{[%clk 1:29:02]} Bf6 {[%clk 1:14:01]} 16. Bxf6 {[%clk 1:28:37]} Nxf6
{[%clk 1:14:25]} 17. h3 {[%clk 1:23:26]} Nd5 {[%clk 1:13:03]} 18. Ne3
{[%clk 1:21:09]} Nb4 {[%clk 1:11:45]} 19. Qg3 {[%clk 1:12:41]} f6
{[%clk 1:09:37]} 20. Qg4 {[%clk 1:11:07]} Rae8 {[%clk 1:08:08]} 21. a3
{[%clk 1:04:42]} Nd5 {[%clk 1:02:53]} 22. Nxd5 {[%clk 0:58:46]} Qxd5
{[%clk 1:03:17]} 23. Qe4 {[%clk 0:58:33]} g6 {[%clk 1:01:47]} 24. b4
{[%clk 0:57:22]} cxb4 {[%clk 0:54:27]} 25. axb4 {[%clk 0:57:27]} a6
{[%clk 0:54:51]} 26. Ra5 {[%clk 0:57:09]} Qxe4 {[%clk 0:54:17]} 27. Rxe4
{[%clk 0:57:30]} Rf7 {[%clk 0:54:39]} 28. b5 {[%clk 0:57:44]} axb5
{[%clk 0:54:30]} 29. Rxb5 {[%clk 0:58:10]} Rc7 {[%clk 0:54:02]} 30. c4
{[%clk 0:57:51]} Ree7 {[%clk 0:54:03]} 31. Kf1 {[%clk 0:57:57]} 1/2-1/2

[Event "Azerbaijan Chess Championship2015 - Men"]
[Site ""]
[Date "2015.01.15"]
[Round "9"]
[Board "6"]
[White "Heydarli, Kanan"]
[Black "Guliev, Logman"]
[Result "1/2-1/2"]
[WhiteElo "2273"]
[BlackElo "2385"]
[PlyCount "0"]
[EventDate "2015.01.06"]
[EventRounds "9"]
[EventCountry "AZE"]

1. d4 {[%clk 1:31:00]} Nf6 {[%clk 1:29:55]} 2. Nf3 {[%clk 1:31:24]} e6
{[%clk 1:30:21]} 3. c4 {[%clk 1:30:30]} Bb4+ {[%clk 1:23:01]} 4. Nbd2
{[%clk 1:29:43]} O-O {[%clk 1:19:30]} 5. Qc2 {[%clk 1:26:45]} d5 {[%clk 1:18:28]}
6. a3 {[%clk 1:26:11]} Be7 {[%clk 1:18:06]} 7. e4 {[%clk 1:23:23]} dxe4
{[%clk 1:16:59]} 8. Nxe4 {[%clk 1:23:47]} Nc6 {[%clk 1:17:01]} 9. Bd3
{[%clk 1:21:59]} h6 {[%clk 1:10:04]} 10. Qc3 {[%clk 1:21:55]} b6 {[%clk 0:45:14]}
11. Nxf6+ {[%clk 1:18:37]} Bxf6 {[%clk 0:45:35]} 12. Be4 {[%clk 1:19:06]} Bb7
{[%clk 0:44:40]} 13. Bxc6 {[%clk 1:17:25]} Bxc6 {[%clk 0:44:59]} 14. Ne5
{[%clk 1:17:26]} Bxe5 {[%clk 0:35:10]} 15. dxe5 {[%clk 1:16:06]} Qh4
{[%clk 0:35:35]} 16. O-O {[%clk 1:16:03]} Rad8 {[%clk 0:35:54]} 17. Be3
{[%clk 1:11:16]} Rd7 {[%clk 0:35:29]} 18. c5 {[%clk 1:11:19]} b5 {[%clk 0:35:42]}
19. Qb4 {[%clk 0:51:01]} Qh5 {[%clk 0:35:51]} 20. Qf4 {[%clk 0:49:50]} Rd5
{[%clk 0:33:51]} 21. Rfe1 {[%clk 0:48:11]} Rxe5 {[%clk 0:33:28]} 22. Qg3
{[%clk 0:48:20]} Rd8 {[%clk 0:33:13]} 23. Rac1 {[%clk 0:48:17]} Rd3
{[%clk 0:32:58]} 24. Rc3 {[%clk 0:38:21]} Rdxe3 {[%clk 0:25:29]} 25. Rcxe3
{[%clk 0:38:48]} Rg5 {[%clk 0:25:52]} 26. Qxc7 {[%clk 0:37:29]} Rxg2+
{[%clk 0:26:15]} 27. Kf1 {[%clk 0:37:54]} Qf5 {[%clk 0:16:12]} 28. R1e2
{[%clk 0:29:07]} Qb1+ {[%clk 0:16:17]} 29. Re1 {[%clk 0:28:19]} Qf5
{[%clk 0:16:40]} 30. R1e2 {[%clk 0:28:32]} Qxc5 {[%clk 0:15:23]} 31. Qd8+
{[%clk 0:27:21]} Kh7 {[%clk 0:15:46]} 32. Qd3+ {[%clk 0:27:48]} f5
{[%clk 0:15:39]} 33. Rc2 {[%clk 0:28:13]} Qd5 {[%clk 0:14:04]} 34. Qxd5
{[%clk 0:28:18]} Bxd5 {[%clk 0:14:30]} 35. Rg3 {[%clk 0:28:16]} Rxg3
{[%clk 0:13:18]} 36. fxg3 {[%clk 0:28:41]} a5 {[%clk 0:13:41]} 37. b4
{[%clk 0:28:49]} axb4 {[%clk 0:13:43]} 38. axb4 {[%clk 0:29:18]} Kg6
{[%clk 0:14:01]} 39. Kf2 {[%clk 0:29:44]} Kf6 {[%clk 0:14:15]} 40. Rc5
{[%clk 1:00:00]} Bc4 {[%clk 0:44:00]} 41. Ke3 {[%clk 1:00:24]} g5
{[%clk 0:43:22]} 42. Kd4 {[%clk 1:00:45]} 1/2-1/2

[Event "Azerbaijan Chess Championship2015 - Men"]
[Site ""]
[Date "2015.01.15"]
[Round "9"]
[Board "7"]
[White "Sevdimaliyev, Urfan"]
[Black "Bajarani, Ulvi"]
[Result "0-1"]
[WhiteElo "2505"]
[BlackElo "2494"]
[PlyCount "0"]
[EventDate "2015.01.06"]
[EventRounds "9"]
[EventCountry "AZE"]

1. e4 {[%clk 1:31:00]} c5 {[%clk 1:30:50]} 2. Nf3 {[%clk 1:31:21]} d6
{[%clk 1:30:20]} 3. d4 {[%clk 1:31:36]} cxd4 {[%clk 1:30:44]} 4. Nxd4
{[%clk 1:32:03]} Nf6 {[%clk 1:31:06]} 5. f3 {[%clk 1:32:13]} e5 {[%clk 1:31:29]}
6. Nb3 {[%clk 1:32:37]} Be7 {[%clk 1:31:46]} 7. c4 {[%clk 1:28:41]} a5
{[%clk 1:32:00]} 8. Be3 {[%clk 1:28:06]} a4 {[%clk 1:31:44]} 9. N3d2
{[%clk 1:27:55]} O-O {[%clk 1:32:00]} 10. Be2 {[%clk 1:27:42]} Qa5
{[%clk 1:32:16]} 11. O-O {[%clk 1:27:34]} Bd8 {[%clk 1:32:37]} 12. Kh1
{[%clk 1:22:29]} Bb6 {[%clk 1:32:46]} 13. Bg5 {[%clk 1:21:59]} Nbd7
{[%clk 1:32:37]} 14. Na3 {[%clk 1:21:04]} Bd4 {[%clk 1:27:56]} 15. Rb1
{[%clk 1:16:08]} b6 {[%clk 1:24:57]} 16. Nb5 {[%clk 1:13:15]} Bc5
{[%clk 1:25:19]} 17. a3 {[%clk 1:08:57]} Ba6 {[%clk 1:21:49]} 18. b4
{[%clk 0:54:23]} axb3 {[%clk 1:21:58]} 19. Nxb3 {[%clk 0:53:34]} Qa4
{[%clk 1:22:17]} 20. Nxc5 {[%clk 0:44:55]} Qxd1 {[%clk 1:22:28]} 21. Rfxd1
{[%clk 0:45:19]} dxc5 {[%clk 1:22:32]} 22. Bxf6 {[%clk 0:42:04]} Bxb5
{[%clk 1:22:47]} 23. Bxg7 {[%clk 0:38:12]} Kxg7 {[%clk 1:21:30]} 24. Rxb5
{[%clk 0:31:24]} Ra7 {[%clk 1:19:35]} 25. g3 {[%clk 0:26:52]} Rfa8
{[%clk 1:18:25]} 26. Rd3 {[%clk 0:17:49]} Nf8 {[%clk 1:15:58]} 27. Rxb6
{[%clk 0:17:51]} Ne6 {[%clk 1:14:46]} 28. Bf1 {[%clk 0:15:41]} Rxa3
{[%clk 1:14:37]} 29. Rxa3 {[%clk 0:16:00]} Rxa3 30. Kg2 {[%clk 0:13:17]} Ra2+
{[%clk 1:14:19]} 31. Kh3 {[%clk 0:10:05]} Rf2 {[%clk 1:12:23]} 32. Bg2
{[%clk 0:09:15]} h5 {[%clk 1:12:33]} 33. Rc6 {[%clk 0:05:26]} Ng5+
{[%clk 1:12:10]} 34. Kh4 {[%clk 0:05:42]} f6 {[%clk 1:12:27]} 35. Kxh5
{[%clk 0:04:26]} Rxg2 {[%clk 1:12:51]} 36. h4 {[%clk 0:02:43]} Nxf3
{[%clk 1:10:42]} 37. Rc7+ {[%clk 0:03:08]} Kg8 {[%clk 1:11:03]} 38. Kg6
{[%clk 0:02:21]} Rxg3+ {[%clk 1:11:14]} 39. Kxf6 {[%clk 0:02:48]} Rg4
{[%clk 1:11:20]} 40. h5 {[%clk 0:30:44]} Rxe4 {[%clk 1:40:39]} 41. Rxc5
{[%clk 0:30:43]} Rf4+ {[%clk 1:39:41]} 42. Kg6 {[%clk 0:31:05]} e4
{[%clk 1:39:30]} 43. Rc8+ {[%clk 0:29:20]} Rf8 {[%clk 1:39:44]} 44. Rc7
{[%clk 0:29:35]} Nh4+ {[%clk 1:38:44]} 45. Kg5 {[%clk 0:29:56]} Re8
{[%clk 1:39:06]} 46. Kxh4 {[%clk 0:28:13]} 0-1

[Event "Azerbaijan Chess Championship2015 - Men"]
[Site ""]
[Date "2015.01.15"]
[Round "9"]
[Board "8"]
[White "Bayramov, Elvin"]
[Black "Asadli, Vugar"]
[Result "1-0"]
[WhiteElo "2051"]
[BlackElo "2127"]
[PlyCount "0"]
[EventDate "2015.01.06"]
[EventRounds "9"]
[EventCountry "AZE"]

1. e4 {[%clk 1:29:57]} c5 {[%clk 1:30:54]} 2. c3 {[%clk 1:30:17]} g6
{[%clk 1:31:15]} 3. d4 {[%clk 1:30:39]} cxd4 {[%clk 1:31:40]} 4. cxd4
{[%clk 1:30:59]} d5 {[%clk 1:31:57]} 5. e5 {[%clk 1:29:50]} Bg7 {[%clk 1:31:57]}
6. Nc3 {[%clk 1:29:45]} Nc6 {[%clk 1:32:01]} 7. Nf3 {[%clk 1:29:23]} Bg4
{[%clk 1:30:11]} 8. Bb5 {[%clk 1:26:37]} Nh6 {[%clk 1:27:45]} 9. Bxh6
{[%clk 1:20:07]} Bxh6 {[%clk 1:27:15]} 10. h3 {[%clk 1:19:38]} Bxf3 11. Qxf3
{[%clk 1:19:58]} O-O {[%clk 1:26:24]} 12. Rd1 {[%clk 1:16:30]} e6
{[%clk 1:24:09]} 13. O-O {[%clk 1:12:07]} Rc8 {[%clk 1:19:54]} 14. Qe2
{[%clk 1:06:59]} a6 {[%clk 1:15:34]} 15. Bxc6 {[%clk 0:58:33]} Rxc6
{[%clk 1:15:54]} 16. Na4 {[%clk 0:57:57]} Qa5 {[%clk 1:11:11]} 17. Nc5
{[%clk 0:54:53]} Qxa2 {[%clk 1:10:44]} 18. Ra1 {[%clk 0:46:28]} Qc4
{[%clk 1:08:21]} 19. Qxc4 {[%clk 0:45:48]} dxc4 {[%clk 1:08:09]} 20. Nxb7
{[%clk 0:45:47]} Rb8 {[%clk 1:04:55]} 21. Na5 {[%clk 0:45:20]} Rc7
{[%clk 1:04:21]} 22. Ra4 {[%clk 0:45:15]} c3 {[%clk 1:00:50]} 23. bxc3
{[%clk 0:45:41]} Rxc3 {[%clk 1:01:17]} 24. Nc4 {[%clk 0:44:18]} Rd8
{[%clk 0:56:05]} 25. Rd1 {[%clk 0:42:15]} Rc1 {[%clk 0:54:34]} 26. Rxc1
{[%clk 0:42:29]} Bxc1 {[%clk 0:54:58]} 27. Na5 {[%clk 0:36:22]} Bb2
{[%clk 0:53:12]} 28. Nc6 {[%clk 0:35:54]} Rd7 {[%clk 0:53:36]} 29. Kf1
{[%clk 0:34:06]} Rc7 {[%clk 0:51:47]} 30. Rxa6 {[%clk 0:33:57]} Rd7
{[%clk 0:52:08]} 31. Ra2 {[%clk 0:33:41]} Rc7 {[%clk 0:49:16]} 32. Ra6
{[%clk 0:24:23]} Rd7 {[%clk 0:49:16]} 33. Ra2 {[%clk 0:20:59]} Rc7
{[%clk 0:49:30]} 34. Rxb2 {[%clk 0:13:12]} Rxc6 {[%clk 0:49:40]} 35. Rd2
{[%clk 0:11:50]} h5 {[%clk 0:48:16]} 36. g4 {[%clk 0:11:41]} hxg4
{[%clk 0:47:51]} 37. hxg4 {[%clk 0:12:08]} g5 {[%clk 0:48:05]} 38. Kg2
{[%clk 0:12:09]} Rc3 {[%clk 0:47:51]} 39. d5 {[%clk 0:11:52]} exd5
{[%clk 0:47:39]} 40. Rxd5 {[%clk 0:42:15]} Kg7 {[%clk 1:18:05]} 41. e6
{[%clk 0:39:31]} f6 {[%clk 1:18:15]} 42. Rd8 {[%clk 0:36:28]} 1-0